প্রাচীন বাংলার বৌদ্ধধর্ম / (Record no. 81020)
[ view plain ]
| 000 -LEADER | |
|---|---|
| fixed length control field | 01449nam a2200265 a 4500 |
| 001 - CONTROL NUMBER | |
| RUCL Control Number | 81020 |
| 003 - CONTROL NUMBER IDENTIFIER | |
| rucl marc code | BD-RjUL |
| 005 - DATE AND TIME OF LATEST TRANSACTION | |
| control field | 20221227101036.0 |
| 008 - FIXED-LENGTH DATA ELEMENTS--GENERAL INFORMATION | |
| fixed length control field | 221227s2019 bg a|||| m||| 00| 0 ben d |
| 035 ## - SYSTEM CONTROL NUMBER | |
| system control number | (BD-RjUL)81020 |
| 040 ## - CATALOGING SOURCE | |
| Original cataloging agency | BD-RjUL |
| Language of cataloging | ben / eng |
| Transcribing agency | BD-RjUL |
| Modifying agency | BD-RjUL |
| 041 ## - LANGUAGE CODE | |
| Language code of Book | ben |
| 082 ## - DEWEY DECIMAL CLASSIFICATION NUMBER | |
| Classification number | 294.3 |
| Author mark and Year | SAP 2019 |
| DDC Edition number | 23 |
| 100 ## - MAIN ENTRY--PERSONAL NAME | |
| Personal name | সারওয়ার, মো. গোলাম |
| 9 (RLIN) | 6441 |
| 245 01 - TITLE STATEMENT | |
| Title | প্রাচীন বাংলার বৌদ্ধধর্ম / |
| Statement of responsibility, etc | মো. গোলাম সারওয়ার ; |
| Name of Supervisor/Co-Supervisor | গবেষণা তত্ত্বাবধায়ক : চিএরঞ্জন মিশ্র |
| 246 ## - VARYING FORM OF TITLE | |
| Title proper/short title | Buddhism in Ancient Bengal / |
| 260 ## - PUBLICATION, DISTRIBUTION, ETC. (IMPRINT) | |
| Place of publication, distribution, etc | রাজশাহী : |
| Name of publisher, distributor, etc | ইতিহাস বিভাগ, রাজশাহী বিশ্ববিদালয়, |
| Date of publication, distribution, etc | ২০১৯ |
| 300 ## - PHYSICAL DESCRIPTION | |
| Pagination | xxiv, ৩৮২ পাতা : |
| Other physical details | চিএ ; |
| Dimensions | ২৯ সেমি. |
| 502 ## - DISSERTATION NOTE | |
| Dissertation note | থিসিস (পিএইচ. ডি.) -- ইতিহাস বিভাগ, রাজশাহী বিশ্ববিদালয়, ২০১৯ |
| 504 ## - BIBLIOGRAPHY, ETC. NOTE | |
| Bibliography, etc | গ্রন্থপঞ্জি : পাতা ৩১৪-৩৪৮ |
| 650 ## - SUBJECT ADDED ENTRY--TOPICAL TERM | |
| Topical term or geographic name as entry element | বৌদ্ধধর্ম |
| Form subdivision | প্রাচীন বাংলা |
| 9 (RLIN) | 6442 |
| Topical term or geographic name as entry element | Buddhism |
| Form subdivision | Ancient Bengal |
| 9 (RLIN) | 6443 |
| 700 ## - ADDED ENTRY--SUPERVISOR/CO-SUPERVISOR NAME | |
| Personal name | মিশ্র, চিএরঞ্জন, গবেষণা তত্ত্বাবধায়ক |
| 9 (RLIN) | 6444 |
| 942 ## - ADDED ENTRY ELEMENTS (KOHA) | |
| Source of classification or shelving scheme | Dewey Decimal Classification |
| Koha item type | Theses |
| Source of classification or shelving scheme | Damaged status | Not for loan | Collection code | Permanent Location | Current Location | Shelving location | Date of accession | Source of acquisition | Total Checkouts | Full call number | Barcode | Date last seen | Copy number | Thesis |
|---|---|---|---|---|---|---|---|---|---|---|---|---|---|---|
| Dewey Decimal Classification | Not For Loan | Theses | Central Library, University of Rajshahi | Central Library, University of Rajshahi | Documentation Section | 19/12/2021 | Controller of Exam. R.U | BTHE 294.3 SAP 2019 | D4446 | 27/12/2022 | C-1 | Theses |